| 000 | 00393nam a2200157Ia 4500 | ||
|---|---|---|---|
| 008 | 230917s9999||||xx |||||||||||||| ||und|| | ||
| 040 |
_e85712 _aMAIN |
||
| 041 | _aEnglish | ||
| 082 | _a005.74 E61F | ||
| 100 | _aElmasri, Ramez | ||
| 245 | 0 | _aFundamentals of database systems | |
| 250 | _a3rd ed. | ||
| 260 |
_aVancourver _bAddison-Wesley _c2000 |
||
| 300 | _axxviii, 955 p. | ||
| 942 | _cBK | ||
| 999 |
_c105186 _d105186 |
||